000 00174nam a2200073Ia 4500
008 170524s9999 xx 000 0 und d
100 _aHARWAR
245 0 _aSUPPLIER EMPROVEMENT
260 _bHIMALYA PUB. HOUSE
999 _c7975
_d7975